Najlepiej sprzedające się samochody w Europie w 2025 roku. - Statystyki

Ogólne statystyki
  • Ten quiz został rozwiązany 26 razy
  • Średni wynik to 8 z 30
Statystyki odpowiedzi
Liczba Odpowiedź % Poprawnych
ok. 130 000 szt. Toyota Corolla
88%
195 455 szt. Volkswagen Golf
69%
ok. 90 000–100 000 szt. Volkswagen Passat
63%
165 833 szt. Toyota Yaris
56%
229 778 szt. Renault Clio
50%
ok. 160–170 tys. szt. Opel Corsa
44%
ok. 125 000 szt. Volkswagen Polo
44%
ok. 110 000–120 000 szt. Fiat 500
38%
168 182 szt. Dacia Duster
38%
ok. 95 000–105 000 szt. Škoda Fabia
38%
ok. 197 000 szt. Volkswagen Tiguan
31%
ok. 185 000–190 000 szt. Škoda Octavia
31%
243 676 szt. Dacia Sandero
25%
ok. 105 000–115 000 szt. Hyundai i30
25%
ok. 85 000–95 000 szt. Audi A3
19%
ok. 160 000 szt. Citroen C3
19%
211 241 szt. Volkswagen T-Roc
19%
ok. 100 000–110 000 szt. Kia Ceed
19%
ok. 140–150 tys. szt. Renault Captur
13%
185 096 szt. Peugeot 208
6%
190 565 szt. Toyota Yaris Cross
6%
ok. 140 000 szt. Hyundai Tucson
6%
ok. 135 000 szt. Kia Sportage
6%
ok. 90 000–100 000 szt. Volvo XC40
6%
ok. 150 000 szt. Ford Puma
0%
171 438 szt. Peugeot 2008
0%
ok. 130–160 tys. szt. Tesla Model Y
0%
ok. 80 000–90 000 szt. Mercedes-Benz A-Class
0%
ok. 115 000–125 000 szt. Nissan Qashqai
0%
ok. 95 000–105 000 szt. Škoda Kamiq
0%
Nie znaleziono quizów pasujących do podanych kryteriów
Rozkład punktacji
Procent ludzi z każdym wynikiem
Percentyl według liczby udzielonych odpowiedzi
Twoja historia wyników
Nie rozwiązałeś tego quizu